Statistics for High Fidelity movie trivia

Click here to take the quiz!

General Stats

  • This quiz has been taken 51 times
  • The average score is 11 of 21

Answer Stats

Hint Answer % Correct
Sonic Death ______Monkey
76%
"How can someone who has no interest in music own a ______ _____?"record store
76%
Who plays Ray/Ian?Tim Robbins
74%
What song do Barry Jive and the Uptown Five cover?Let's get it on
71%
Laura tells Rob they have a __% chance of getting back together.9
64%
What is the first song on the Monday Morning Tape?Walking on Sunshine
62%
Which matters more -- what you like or what you are like?what you like
60%
Rob reorganizes his records, not alphabetically, not chronologically, but __________________.autobiographically
60%
What song does Marie De Salle cover, causing Rob to ask a bouncer "is that Peter fucking Frampton?"Baby, I love your way
57%
Who plays Marie De Salle?Lisa Bonet
52%
Rob would like to be any kind of musician except classical or ___.rap
48%
Rob's all-time favorite book is whose autobiography?Johnny Cash's
48%
What "sad bastard music" are Rob and Dick listening to before Barry puts in his Monday Morning Tape?the new Belle and Sebastian
48%
Rob will now sell five copies of The Three EPs by ___ ____ ____.The Beta Band
48%
Anna Moss asks Dick about the new _____ ___.Green Day
48%
"Don't tell anyone you don't own ______ __ ______. It's gonna be okay."Blonde on Blonde
45%
Barry thinks you're a cinematic idiot if you haven't seen what movie yet?Evil Dead 2
33%
Marie De Salle is "kind of Sheryl Crow-ish crossed with a post-Partridge-Family/pre-L.A.-Law Susan Dey kind-of-thing but, you know, um ... _____."black
33%
"Get your _________-stink out my store. Move it, lard ass."patchouli
31%
"I've come to the conclusion that my guts have ____ ___ ___."shit for brains
29%
"Charlie! You fucking bitch! ____ ____ __ ___!"Let's work it out
21%

Score Distribution

Percentile by Number Answered

Percent of People with Each Score

Your Score History

You have not taken this quiz